Match the Filmmaker to the Production Company 🎬 - Statistics

General Stats
  • This quiz has been taken 18 times
  • The average score is 8 of 15
Answer Stats
Hint Answer % Correct
George Lucas Lucasfilm
100%
Steven Spielberg Amblin Entertainment
88%
Spike Lee 40 Acres and a Mule Filmworks
59%
Robert Rodriguez Troublemaker Studios
53%
Quentin Tarantino A Band Apart
47%
Rob Reiner Castle Rock Entertainment
47%
Mel Gibson Icon Productions
47%
James Cameron Lightstorm Entertainment
47%
Jordan Peele Monkeypaw Productions
47%
Kevin Smith View Askew Productions
47%
Peter Jackson WingNut Films
47%
Francis Ford Coppola American Zoetrope
41%
Christopher Nolan Syncopy
41%
Wes Anderson American Empirical Pictures
35%
Martin Scorsese Sikelia Productions
18%
No matching quizzes found
Score Distribution
Percent of People with Each Score
Percentile by Number Answered
Your Score History
You have not taken this quiz